000 00743cab a2200241 4500
001 ABS57199
008 090401t1997 xxu||||| |||| 00| 0 eng d
035 _a(Sirsi) u79337
041 _aeng
100 _aLowe, K.
245 _aNiche work
260 _c1997
350 _a0
490 _aProperty Week
_v59(13) 27 June 1997, 36-37(2)
520 _aConsiders the opportunities available to chartered surveyors who move into specialising in specific areas of the property market, quoting examples.
650 _aABOUT RICS-RICS MEMBERS
650 _aNICHE MARKETS
650 _aSPECIALISATION
650 _aSURVEYING FIRMS
690 _aMANAGEMENT-BUSINESS MANAGEMENT-PROFESSIONAL PRACTICE
942 _n0
948 _c01/07/1997
999 _c49863
_d49863